Proceeding of International workshop edition../ (Record no. 532928)

000 -LEADER
fixed length control field 00308nam a22001337a 4500
003 - CONTROL NUMBER IDENTIFIER
control field NUST
038 ## - RECORD CONTENT LICENSOR
Staff Name M.Ramzan
082 ## - DEWEY DECIMAL CLASSIFICATION NUMBER
Classification number 00000
Author Mark NUS
100 ## - MAIN ENTRY--PERSONAL NAME
Personal name NUST.
9 (RLIN) 1483
245 ## - TITLE STATEMENT
Title Proceeding of International workshop edition../
260 ## - PUBLICATION, DISTRIBUTION, ETC.
Place of publication, distribution, etc. Islamabad:
Name of publisher, distributor, etc. NUST,
Date of publication, distribution, etc. 2011.
300 ## - PHYSICAL DESCRIPTION
Extent 307 p, :
942 ## - ADDED ENTRY ELEMENTS (KOHA)
Source of classification or shelving scheme
Koha item type Book
Holdings
Withdrawn status Lost status Source of classification or shelving scheme Damaged status Not for loan Permanent Location Current Location Date acquired Total Checkouts Full call number Barcode Date last seen Price effective from Koha item type
          School of Civil and Environmental Engineering (SCEE) School of Civil and Environmental Engineering (SCEE) 12/06/2019   00000 NUS NIT-10099 12/06/2019 12/06/2019 Book
          School of Civil and Environmental Engineering (SCEE) School of Civil and Environmental Engineering (SCEE) 12/06/2019   00000 NUS NIT-10100 12/06/2019 12/06/2019 Book
          School of Civil and Environmental Engineering (SCEE) School of Civil and Environmental Engineering (SCEE) 12/06/2019   00000 NUS NIT-10101 12/06/2019 12/06/2019 Book
          School of Civil and Environmental Engineering (SCEE) School of Civil and Environmental Engineering (SCEE) 12/06/2019   00000 NUS NIT-10102 12/06/2019 12/06/2019 Book
          School of Civil and Environmental Engineering (SCEE) School of Civil and Environmental Engineering (SCEE) 12/06/2019   00000 NUS NIT-10103 12/06/2019 12/06/2019 Book
© 2023 Central Library, National University of Sciences and Technology. All Rights Reserved.